000 00726nam a2200253Ia 4500
003 OSt
005 20220925165451.0
006 a|||||r|||| 00| 0
007 ta
008 220923b |||||||| |||| 00| 0 eng d
037 _cGeneral Book
040 _aRTL
_cRTL
_beng
041 _2eng
_aeng
082 _aU287.194.N6, L0
100 _aOrvig S Ed.
_9233490
245 0 _aClimates of the Polar regions
260 _aAmsterdam
_bElsevier
_c1970
300 _ax, 370p
_ccm.
490 _aWorld Survey of Climatology. Ed by H E Landsberg; 14
500 _aBibliography: P 324-30
650 _aClimate
_9233491
942 _hU287.194.N6, L0
_cGB
_2CC
999 _c477291
_d477291